LEADER 01094nam0-2200337 --450 001 9910322360303321 005 20190529135611.0 010 $a978-88-6548-122-6 100 $a20190529h20152016kmuy0itay5050 ba 101 0 $aita 102 $aIT 105 $a 001yy 200 1 $aGaza e l'industria israeliana della violenza$fEnrico Bartolomei, Diana Carminati, Alfredo Tradardi$gpostfazione di Anna Delfina Arcostanzo 210 $aRoma$cDeriveApprodi$d2015$hristampa 2016 215 $a332 p.$d20 cm 225 1 $aFuorifuoco$v49 320 $aContiene bibl. (pp.319-322) 610 0 $aConflitto arabo-israeliano 610 0 $aGaza 676 $a956.054$v21$zita 700 1$aBartolomei,$bEnrico$f<1983->$0764574 701 1$aTradardi,$bAlfredo$0764575 701 1$aCarminati,$bDiana$0764576 702 1$aArcostanzo,$bAnna Delfina 801 0$aIT$bUNINA$gREICAT$2UNIMARC 901 $aBK 912 $a9910322360303321 952 $aCOLLEZ. 2559 (49)$b598/2019$fFSPBC 959 $aFSPBC 996 $aGaza e l'industria israeliana della violenza$91552691 997 $aUNINA LEADER 01014nam a2200301 i 4500 001 991001234149707536 005 20020507113224.0 008 970308s1968 us ||| | eng 035 $ab10192244-39ule_inst 035 $aLE00644371$9ExL 040 $aDip.to Fisica$bita 084 $a53(08) 084 $a53.3.3 084 $a53.3.11 084 $a537.6 084 $aQC680 100 1 $aSchwinger, Julian Seymour$027151 245 10$aSelected papers on quantum electrodynamics /$cJ.S. Schwinger 260 $aNew York :$bAcademic Press, Inc.,$c1968 300 $axi, 319 p. :$bill. ;$c24 cm. 500 $aIncludes bibliography. 650 4$aQuantum electrodynamics 907 $a.b10192244$b21-09-06$c27-06-02 912 $a991001234149707536 945 $aLE006 53.3.3 SCH$g1$i2006000049955$lle006$o-$pE0.00$q-$rl$s- $t0$u1$v0$w1$x0$y.i10237239$z27-06-02 996 $aSelected papers on quantum electrodynamics$9191567 997 $aUNISALENTO 998 $ale006$b01-01-97$cm$da $e-$feng$gus $h0$i1